[Event "3rd Kolkata GM Open 2018"]
[Site "Kolkata"]
[Date "2018.05.17"]
[Round "4"]
[White "Kushagra Mohan"]
[Black "Sundararajan, Kidambi"]
[Result "1/2-1/2"]
[WhiteElo "2256"]
[BlackElo "2434"]
[Annotator "TA"]
[PlyCount "60"]
[EventDate "2018.??.??"]
[EventType "swiss"]
[EventCountry "IND"]
[SourceTitle "playchess.com"]
[Source "ChessBase"]
[SourceQuality "1"]

{[%evp 16,60,8,0,11,4,0,0,0,0,0,0,0,0,13,11,25,20,29,28,38,31,49,43,59,68,79,53,55,16,70,27,31,34,43,28,33,23,34,9,11,0,28,0,10,0,23]} 1. e4 e6 2. d4 d5 3. Nc3 Nf6 4. Bg5 dxe4 5. Nxe4 Be7 6. Bxf6 Bxf6 7. Nf3 O-O 8. Bc4 Nd7 9. c3 {LiveBook: 3 Games. C13: French: Classical System: 4 Bg5 Be7, Alekhine-Chatard Attack} (9. Qe2 Be7 10. O-O-O c5 11. Kb1 Qc7 12. Neg5 Nb6 13. Bd3 h6 14. h4 Nd5 15. Ne5 Bd6 16. Bh7+ Kh8 17. Qh5 Bxe5 18. dxe5 f6 19. Be4 Nf4 20. Qf3 fxg5 21. hxg5 Bd7 22. gxh6 g6 23. g3 Nh3 {0-1 (23) Van Kampen,R (2615)-Shankland,S (2652) Wijk aan Zee 2015}) 9... Be7 10. Qe2 c5 11. Rd1 cxd4 12. Nxd4 Qb6 13. O-O Ne5 $146 ({Predecessor:} 13... Rd8 14. Rfe1 Ne5 15. Bb3 Ng6 16. Qh5 Bd7 {½-½ (26) Milde,L-Ehrlich,S DESC email 2005}) 14. Bb3 Bd7 15. Qh5 $36 {[%mdl 2048] White has good play.} Ng6 16. Ng5 Bxg5 $1 17. Qxg5 Rac8 18. Rd2 Rc5 19. Qe3 Rc7 20. Rfd1 Re8 21. g3 Qc5 22. f4 (22. Qe4 {looks sharper.} Qe5 23. Qf3 Qc5 24. Bc2 Ne7 25. Be4) 22... b5 ({Better is} 22... e5 $11 23. Nc2 Qe7) 23. Nc2 Qxe3+ $1 24. Nxe3 Bc6 25. Nc2 Kf8 26. Nd4 Bd7 27. Nf5 Bc6 28. Nd4 Bd7 $1 29. Nf5 Bc6 30. Nd4 Bd7 $1 {Precision: White = 37%, Black = 67%.} 1/2-1/2